Statistics for Largest cities in Italy

Click here to take the quiz!

General Stats

  • This quiz has been taken 455 times
  • The average score is 46 of 149

Answer Stats

HintAnswer% Correct
1.Rome
99%
2.Milan
98%
3.Naples
92%
11.Venice
92%
4.Turin
91%
8.Florence
90%
6.Genoa
85%
5.Palermo
85%
7.Bologna
78%
9.Bari
77%
12.Verona
74%
58.Pisa
73%
15.Trieste
70%
10.Catania
65%
21.Parma
62%
13.Messina
59%
36.Bergamo
56%
48.Udine
56%
45.Ancona
55%
17.Brescia
55%
39.Trento
55%
50.Lecce
54%
14.Padua
54%
22.Perugia
54%
127.Siena
54%
20.Modena
53%
16.Taranto
53%
28.Rimini
52%
24.Livorno
51%
29.Salerno
51%
60.Como
48%
43.Bolzano
47%
27.Foggia
47%
19.Reggio Calabria
47%
57.Brindisi
46%
51.La Spezia
46%
30.Ferrara
45%
61.Lucca
44%
33.Pescara
44%
18.Prato
44%
23.Reggio Emilia
44%
76.L'Aquila
43%
25.Ravenna
43%
40.Vicenza
43%
55.Catanzaro
42%
31.Sassari
42%
44.Piacenza
41%
34.Monza
40%
89.Potenza
40%
53.Alessandria
39%
46.Arezzo
38%
100.Crotone
38%
42.Novara
38%
83.Trapani
38%
73.Asti
37%
85.Cosenza
37%
35.Latina
37%
64.Treviso
37%
37.Forlì
36%
66.Grosseto
36%
82.Massa
36%
32.Syracuse
36%
41.Terni
36%
102.Matera
35%
77.Cremona
34%
68.Varese
34%
90.Carrara
33%
71.Caserta
33%
80.Pavia
33%
98.Savona
33%
143.Campobasso
31%
52.Pesaro
31%
56.Pistoia
31%
75.Ragusa
31%
106.Agrigento
30%
49.Cesena
30%
120.Cuneo
30%
96.Viterbo
30%
47.Andria
29%
26.Cagliari
29%
116.Avellino
27%
54.Barletta
27%
99.Benevento
27%
65.Marsala
24%
119.Olbia
24%
137.Pordenone
23%
113.Sanremo
23%
128.Chieti
22%
87.Imola
22%
124.Teramo
20%
92.Viareggio
20%
88.Carpi
19%
134.Rovigo
19%
141.Ascoli Piceno
18%
103.Caltanissetta
18%
72.Gela
18%
81.Fiumicino
16%
114.Tivoli
15%
130.Trani
15%
135.Civitavecchia
14%
63.Pozzuoli
13%
93.Fano
12%
146.Rho
12%
97.Vittoria
12%
38.Giugliano in Campania
11%
69.Sesto San Giovanni
11%
59.Torre del Greco
11%
147.Chioggia
10%
111.Faenza
10%
84.Aprilia
9%
117.Bagheria
9%
104.Molfetta
9%
121.Anzio
8%
110.Foligno
8%
86.Altamura
7%
138.Aversa
7%
91.Castellammare di Stabia
7%
79.Lamezia Terme
7%
112.Manfredonia
7%
140.Mazara del Vallo
7%
95.Vigevano
7%
94.Afragola
6%
136.Gallarate
6%
107.Legnano
6%
67.Busto Arsizio
5%
70.Casoria
5%
126.Ercolano
5%
62.Guidonia Montecelio
5%
123.Modica
5%
109.Moncalieri
5%
78.Quartu Sant'Elena
5%
122.San Severo
5%
133.Acireale
4%
142.Battipaglia
4%
125.Bisceglie
4%
115.Bitonto
4%
108.Cerignola
4%
74.Cinisello Balsamo
4%
101.Pomezia
4%
129.Portici
4%
131.Velletri
4%
118.Acerra
3%
148.Scandicci
3%
132.Cava de' Tirreni
2%
139.Montesilvano
2%
144.Scafati
2%
145.Casalnuovo di Napoli
1%
149.Collegno
1%
105.Marano di Napoli
1%

Score Distribution

Percentile by Number Answered

Percent of People with Each Score

Your Score History

You have not taken this quiz